Geografía por Imágenes- G - Estadísticas

Estadísticas generales
  • Esta prueba ha sido intentada 4.422 veces
  • La puntuación promedio es 13 de 18
Estadísticas de respuestas
Imagen Hint Respuesta % Correcto
país Grecia
97%
país Guatemala
93%
isla Groenlandia
89%
isla Gran Bretaña
85%
islas Galápagos
84%
país Gambia
77%
ciudad Guiza
77%
ciudad Granada
76%
territorio Gaza
74%
antigua fortificación Gran Muralla
73%
región Galicia
71%
río Guadalquivir
71%
territorio Gibraltar
65%
desierto Gobi
65%
río Ganges
62%
país Georgia
50%
ciudad Ginebra
34%
ciudad Génova
25%
No se encontraron pruebas coincidentes
Distribución de puntuación
Porcentaje de gente con cada puntuación
Porcentaje por número respondido
Historial de tus puntuaciones
No has intentado esta prueba.